Normal view
MARC view
- Aldridge, James,
Entry Nombre Personal
001 - NUMERO DE CONTROL
- campo de control: 30511
003 - IDENTIFICADOR DE NUMERO DE CONTROL
- campo de control: UPN
005 - FECHA Y HORA DE LA ÜLTIMA TRANSACCIÓN
- campo de control: 20210219194414.0
008 - DATOS DE LONGITUD FIJA
- campo de control de longitud fija: nabaccnnaabn|||||||||| b |nc|||||d
035 ## - NUMERO DE CONTROL
- Número de control: UPN11000002617
040 ## - FUENTE DE CATALOGACIÓN
- Lenguaje de catalogación: SPA
- Agencia de transcripción: UPN
053 #4 - NÚMERO DE CLASIFICACIÓN LC
- Número de clasificación elemento-número único o número inicial de tramo: PR9619.3 A5.3
100 1# - ENCABEZAMIENTO - NOMBRE PERSONAL
- Nombre personal: Aldridge, James,
- Fechas asociadas con el nombre: 1918-
670 ## - FUENTE EN LA QUE SE LOCALIZARON DATOS
- Cita de la fuente: LC
680 ## - NOTA PUBLICA DE ACCESO PÚBLICO
- Frase explicativa de la referencia: Escritor y periodista australiano
902 ## - CATALOGADOR
- Catalogador: CAA/051110
